| 000 | 01225nam a2200397 i 4500 | ||
|---|---|---|---|
| 001 | 38641 | ||
| 003 | KOSZ 005 | ||
| 005 | 20191007104311.0 | ||
| 008 | 010525s2000 pl a f f |000 0 pol | ||
| 015 | _aPB 2001/8760 | ||
| 020 | _a8388048295 | ||
| 035 | _a(OCoLC)749663294 | ||
| 040 |
_aWA N _cWA N _dKOSZ 005/HR |
||
| 041 | 0 | _apol | |
| 046 | _k2000 | ||
| 080 | _a659.4 | ||
| 080 | _a(075.8) | ||
| 100 | 1 |
_aCenker, Ewa Małgorzata. _eAutor |
|
| 245 | 1 | 0 |
_aPublic relations / _cEwa Małgorzata Cenker. |
| 260 |
_aPoznań : _bWydawnictwo Wyższej Szkoły Bankowej, _c2000. |
||
| 300 |
_a247, [1] s. : _bil. ; _c24 cm. |
||
| 336 |
_2rdacontent _aTekst _btxt |
||
| 337 |
_2rdamedia _aBez urządzenia pośredniczącego _bn |
||
| 338 |
_2rdacarrier _aWolumin _bnc |
||
| 380 | _aKsiążki | ||
| 380 | _aPublikacje dydaktyczne | ||
| 385 |
_mPoziom nauczania _aSzkoły wyższe |
||
| 388 | _a1901-2000 | ||
| 388 | _a1989-2000 | ||
| 504 | _aBibliogr. | ||
| 658 | _aMedia i komunikacja społeczna | ||
| 655 | 4 | _aPodręczniki akademickie | |
| 650 | 4 | _aPublic relations | |
| 856 |
_uhttp://koha.tu.koszalin.pl/cgi-bin/koha/opac-detail.pl?biblionumber=38641 _yKatalog online BPK |
||
| 942 |
_2UKD _cKS |
||
| 999 |
_c38641 _d38641 |
||